| 000 | 00771nam a2200229 a 4500 | ||
|---|---|---|---|
| 001 | 000014879 | ||
| 005 | 20200929163921.0 | ||
| 008 | 100126s1984 nq 000 p spa d | ||
| 040 |
_aDO-SdBNP _bspa _cBNPHU |
||
| 082 |
_aN861.3 _bD218t, 1984 |
||
| 100 | 1 |
_aDarío, Rubén, _d1867-1916 _915535 |
|
| 245 | 1 | 0 |
_aTantos vigores dispersos : _bideas sociales y políticas / _cRubén Darío ; selección y notas de Jorge Eduardo Arellano. |
| 250 | _a2a ed. | ||
| 260 |
_aManagua, Nicaragua : _bDistribuidora Cultural, _c1984. |
||
| 300 |
_a138, [4] p. ; _c21 cm. |
||
| 650 | 4 |
_aPoesía nicaragüense _98179 |
|
| 650 | 4 |
_aProsa nicaragüense _914173 |
|
| 650 | 4 |
_aLiteratura nicaragüense _98122 |
|
| 700 | 1 |
_aArellano, Jorge Eduardo, _933703 |
|
| 910 | _aWM | ||
| 049 | _aBNGR | ||
| 999 |
_c14459 _d14459 |
||